000
00235nam a2200097Ia 4500
008
170619s9999 xx 000 0 und d
100
_a
Rajankar- S.O.
245
0
_a
Network Synthesis and Filter Design
260
_b
Wiley-India
260
_c
2011
546
_a
ENGLISH
999
_c
20462
_d
20462